| 000 | 00362nam a2200145Ia 4500 | ||
|---|---|---|---|
| 008 | 230312s9999||||xx |||||||||||||| ||und|| | ||
| 020 | _a9781285187815 | ||
| 082 |
_a659.1 _bALL-A |
||
| 100 | _aWalls,Craig | ||
| 245 | 0 | _aSpring Boot in action | |
| 260 |
_bCengage _aUSA _c2015 |
||
| 300 | _a407 | ||
| 650 |
_aManagement _vAdvertising media planning |
||
| 942 | _cBK | ||
| 999 |
_c17942 _d17942 |
||